[Event "8th Sunway Sitges 2021"]
[Site "Sitges ESP"]
[Date "2021.12.16"]
[Round "4.24"]
[White "Kelires, Andreas"]
[Black "Padmini, Rout"]
[Result "1/2-1/2"]
[WhiteTitle "GM"]
[BlackTitle "IM"]
[WhiteElo "2543"]
[BlackElo "2345"]
[WhiteFideId "5900727"]
[BlackFideId "5029295"]
[EventDate "2021.12.13"]

1. d4 Nf6 2. Nf3 g6 3. Bg5 Bg7 4. e3 O-O 5. Nbd2 d6 6. Bc4 c5 7. c3 Nbd7 8. O-O
h6 9. Bh4 cxd4 10. cxd4 Nb6 11. Bb3 Bf5 12. Qe2 Ne4 13. a4 a5 14. Qb5 Nf6 15.
Rfc1 Bd7 16. Qd3 Nbd5 17. Nb1 Bc6 18. Nc3 Qd7 19. Nxd5 Nxd5 20. h3 Rfc8 21. Nd2
g5 22. Bg3 Nb4 23. Qe2 b5 24. axb5 Bxb5 25. Rxc8+ Rxc8 26. Qf3 d5 27. Rxa5 e6
28. Ra1 Nd3 29. h4 Nxb2 30. hxg5 hxg5 31. Qg4 f6 32. e4 Nc4 33. Nxc4 Bxc4 34.
Bxc4 dxc4 35. d5 c3 36. dxe6 Qc6 37. Rc1 Re8 38. Qf3 Qxe6 39. Qxc3 Qxe4 40. Qb3+
Qe6 41. Qb4 Kh7 42. Qd2 Kg6 43. Qd3+ Qe4 44. Qd7 Qe6 45. Qc7 Qe7 46. Qc6 Qe4 47.
Qc7 Qe7 48. Qa5 Qe4 49. Qc7 Qe7 50. Qa5 Qe4 51. Qc7 1/2-1/2

[Event "8th Sunway Sitges 2021"]
[Site "Sitges ESP"]
[Date "2021.12.16"]
[Round "4.25"]
[White "Arjun, Kalyan"]
[Black "Srijit, Paul"]
[Result "1-0"]
[WhiteTitle "GM"]
[BlackTitle "IM"]
[WhiteElo "2537"]
[BlackElo "2340"]
[WhiteFideId "35018701"]
[BlackFideId "5094798"]
[EventDate "2021.12.13"]

1. e4 c5 2. Nf3 e6 3. d4 cxd4 4. Nxd4 Nc6 5. Nc3 a6 6. Bf4 d6 7. Bg3 Nf6 8. Nxc6
bxc6 9. e5 Nd5 10. exd6 Bxd6 11. Qf3 O-O 12. Bc4 Rb8 13. O-O-O Qg5+ 14. Kb1 Be5
15. Na4 Rb4 16. Bb3 Bxg3 17. hxg3 e5 18. Bxd5 cxd5 19. Qa3 Rb8 20. Rxd5 Bb7 21.
f4 Qg4 22. Rxe5 Bxg2 23. Rc1 Rfe8 24. Qe3 Rxe5 25. Qxe5 Rf8 26. Qe3 Bc6 27. Nc3
Re8 28. Qb6 Ba8 29. Qf2 h5 30. Re1 Rxe1+ 31. Qxe1 Qf3 32. b3 Kh7 33. Kb2 Kg6 34.
Qe5 f6 35. Qe8+ Kh7 36. Ne2 Bc6 37. Qe6 Bb5 38. c4 Bc6 39. Nd4 Qf2+ 40. Ka3 Bb7
41. Qf5+ Kh6 42. Qd3 g6 43. Ne6 h4 44. g4 Qe1 45. Qd7 Qc1+ 46. Ka4 Bc6+ 47. Qxc6
Qd2 48. g5+ 1-0

[Event "8th Sunway Sitges 2021"]
[Site "Sitges ESP"]
[Date "2021.12.16"]
[Round "4.26"]
[White "Kulaots, Kaido"]
[Black "Manish Anto, Cristiano F"]
[Result "1-0"]
[WhiteTitle "GM"]
[BlackTitle "IM"]
[WhiteElo "2519"]
[BlackElo "2336"]
[WhiteFideId "4500261"]
[BlackFideId "25095927"]
[EventDate "2021.12.13"]

1. c4 c5 2. Nf3 Nf6 3. Nc3 Nc6 4. d4 cxd4 5. Nxd4 g6 6. e4 Bg7 7. Be3 O-O 8. Be2
Nxd4 9. Bxd4 d6 10. O-O a5 11. Qc2 Bd7 12. Rad1 a4 13. c5 e5 14. Be3 dxc5 15.
Bxc5 Re8 16. Qd2 Qc8 17. Bd6 Bc6 18. Qe3 Qe6 19. f3 Rec8 20. a3 Bf8 21. Bxf8
Rxf8 22. Qc5 Rfe8 23. Qb4 Red8 24. Bc4 Qe8 25. Nd5 Bxd5 26. exd5 Qf8 27. d6 Ne8
28. d7 Nf6 29. Rd6 Nxd7 30. Rfd1 Nf6 31. Rxd8 Rxd8 32. Qxf8+ Rxf8 33. Bb5 Ra8
34. Rd6 Kg7 35. Rb6 Ra7 36. Bc4 e4 37. fxe4 Nxe4 38. Bd5 Nc5 39. Kf2 Ra8 40. Ke3
Rd8 41. Kd4 Rc8 42. Rb5 Nb3+ 43. Ke5 f6+ 44. Kd6 Kh6 45. Bxb3 axb3 46. Rxb7 Rc2
47. Rxb3 Rxg2 48. a4 Rg5 49. Ra3 Kg7 50. b4 Rg2 51. a5 Rd2+ 52. Kc6 f5 53. Kb6
g5 54. a6 g4 55. Rc3 Kg6 56. a7 Ra2 57. Rc6+ Kg7 58. Rc5 1-0

[Event "8th Sunway Sitges 2021"]
[Site "Sitges ESP"]
[Date "2021.12.16"]
[Round "4.27"]
[White "Galiana Fernandez, Adrian"]
[Black "Vasquez Schroeder, Rodrigo"]
[Result "0-1"]
[WhiteTitle "FM"]
[BlackTitle "GM"]
[WhiteElo "2333"]
[BlackElo "2484"]
[WhiteFideId "32010150"]
[BlackFideId "3400042"]
[EventDate "2021.12.13"]

1. e4 c6 2. d4 d5 3. e5 Bf5 4. Nf3 e6 5. Be2 Ne7 6. O-O Ng6 7. a4 Nd7 8. Na3 f6
9. Ne1 h5 10. Bxh5 fxe5 11. g4 Rxh5 12. gxh5 Nh4 13. dxe5 Nxe5 14. Bf4 Nef3+ 15.
Nxf3 Bg4 16. Bg5 Nxf3+ 17. Qxf3 Qxg5 18. Qg3 Qxh5 19. f3 Bh3 20. Rfd1 Bc5+ 21.
Kh1 O-O-O 22. Nc4 dxc4 23. Rxd8+ Kxd8 24. Qb8+ Ke7 25. Qxb7+ Kf6 26. Qxc6 Qg6
27. f4 Bf5 28. Re1 Bf2 0-1

[Event "8th Sunway Sitges 2021"]
[Site "Sitges ESP"]
[Date "2021.12.16"]
[Round "4.28"]
[White "Bharath, Subramaniyam H"]
[Black "Vitenberg, Noam Aviv"]
[Result "1-0"]
[WhiteTitle "IM"]
[BlackTitle "FM"]
[WhiteElo "2479"]
[BlackElo "2327"]
[WhiteFideId "46634827"]
[BlackFideId "1532138"]
[EventDate "2021.12.13"]

1. b3 d5 2. Bb2 Nf6 3. Nf3 Bf5 4. Nh4 Bc8 5. e3 g6 6. c4 e6 7. Nf3 Bg7 8. d4 O-O
9. Be2 b6 10. O-O Bb7 11. cxd5 exd5 12. Nc3 Nbd7 13. Rc1 a6 14. Bd3 Re8 15. Re1
Bf8 16. Bf1 Bd6 17. g3 Ne4 18. Bg2 Qe7 19. Qc2 Rac8 20. Ne2 c5 21. dxc5 Bxc5 22.
Qd3 Nxf2 23. Kxf2 Qxe3+ 24. Qxe3 Bxe3+ 25. Kf1 Bxc1 26. Rxc1 Rxc1+ 27. Bxc1 a5
28. Nfd4 Nc5 29. Ke1 Ba6 30. Kd2 Ne4+ 31. Kc2 Rc8+ 32. Kb2 Nf2 33. Be3 Nd3+ 34.
Kb1 Nb4 35. Bf3 Bd3+ 36. Kb2 Be4 37. Bg4 Nd3+ 38. Ka3 f5 39. Bh3 Kf7 40. Bf1 h6
41. Bd2 Nc5 42. h4 Rh8 43. Bh3 Ne6 44. h5 Ng5 45. hxg6+ Kxg6 46. Nf4+ Kf6 47.
Bf1 Re8 48. Be2 Ke5 49. Be3 Bh1 50. Nb5 Rc8 51. Bd4+ Ke4 52. Nd3 f4 53. Nf2+ Kf5
54. Bg4+ Kg6 55. gxf4 Bf3 56. fxg5 Bxg4 57. Nxg4 Kxg5 58. Ne5 Rc2 59. Be3+ Kf6
60. Ng4+ Kg6 61. Nxh6 Rg2 62. b4 1-0

[Event "8th Sunway Sitges 2021"]
[Site "Sitges ESP"]
[Date "2021.12.16"]
[Round "4.29"]
[White "Vrolijk, Liam"]
[Black "Fataliyeva, Ulviyya"]
[Result "1/2-1/2"]
[WhiteTitle "IM"]
[BlackTitle "WGM"]
[WhiteElo "2473"]
[BlackElo "2324"]
[WhiteFideId "1048333"]
[BlackFideId "13403052"]
[EventDate "2021.12.13"]

1. c4 e6 2. Nc3 d5 3. d4 a6 4. cxd5 exd5 5. Nf3 h6 6. Bf4 Nf6 7. e3 Bd6 8. Be5
c6 9. Bd3 O-O 10. O-O Re8 11. h3 Bxe5 12. Nxe5 c5 13. Rc1 Qd6 14. Qf3 Be6 15.
Qg3 cxd4 16. exd4 Nbd7 17. f4 Ne4 18. Qe1 Qb6 19. Qe3 Nxe5 20. fxe5 Rad8 21. b3
Nxc3 22. Rxc3 Rc8 23. Rfc1 Rxc3 24. Rxc3 Rc8 25. Rxc8+ Bxc8 26. a3 Bd7 27. Bc2
Qd8 28. Kf2 Kf8 29. Bd1 Qc7 30. Ke1 Bf5 31. Kd2 1/2-1/2

[Event "8th Sunway Sitges 2021"]
[Site "Sitges ESP"]
[Date "2021.12.16"]
[Round "4.30"]
[White "Kacharava, Nikolozi"]
[Black "Samant, Aditya S"]
[Result "1/2-1/2"]
[WhiteTitle "IM"]
[BlackTitle "FM"]
[WhiteElo "2469"]
[BlackElo "2318"]
[WhiteFideId "13611860"]
[BlackFideId "35080580"]
[EventDate "2021.12.13"]

1. e4 c5 2. Nf3 d6 3. d4 cxd4 4. Qxd4 Nf6 5. Nc3 a6 6. e5 Nc6 7. Qa4 dxe5 8.
Nxe5 Bd7 9. Nxd7 Qxd7 10. Bd2 e6 11. O-O-O Qc7 12. Bf4 Qa5 13. Qxa5 Nxa5 14. Na4
Rc8 15. Nb6 Rc6 16. Bd2 Rxb6 17. Bxa5 Rd6 18. Be2 Kd7 19. Rxd6+ Bxd6 20. Rd1 Ke7
21. Bf3 b5 22. Bc3 Rd8 23. Bd4 Rd7 24. g3 Rc7 25. Rd3 Bc5 26. Rc3 Kd6 27. Bxc5+
Rxc5 28. Ra3 Rf5 29. Rxa6+ Ke7 30. Ra7+ Kd6 31. Ra6+ Ke7 32. Ra7+ Kd6 33. Ra3 g5
34. h3 h5 35. Bxh5 Nxh5 36. g4 Rxf2 37. gxh5 Rf4 38. Rg3 Rh4 39. Rg4 f5 40. Rg3
e5 41. Rd3+ Kc5 42. Rc3+ Kd5 43. Rd3+ Kc5 44. Rc3+ Kd4 1/2-1/2

[Event "8th Sunway Sitges 2021"]
[Site "Sitges ESP"]
[Date "2021.12.16"]
[Round "4.31"]
[White "Nandhidhaa, P V"]
[Black "Aditya, Mittal"]
[Result "1/2-1/2"]
[WhiteTitle "WGM"]
[BlackTitle "IM"]
[WhiteElo "2313"]
[BlackElo "2459"]
[WhiteFideId "5050847"]
[BlackFideId "35042025"]
[EventDate "2021.12.13"]

1. e4 c5 2. Nf3 d6 3. d4 cxd4 4. Nxd4 Nf6 5. Nc3 a6 6. Be3 e5 7. Nb3 Be6 8. h3
Be7 9. Qf3 O-O 10. O-O-O b5 11. g4 b4 12. Nd5 Nxd5 13. exd5 Bc8 14. h4 f5 15.
gxf5 Bxf5 16. Qg2 Qc8 17. Bd3 a5 18. Nc5 Bxd3 19. Rxd3 dxc5 20. d6 Nc6 21. Qd5+
Rf7 22. dxe7 Nxe7 23. Qxe5 c4 24. Rd6 b3 25. a3 bxc2 26. Bb6 Qg4 27. h5 Raf8 28.
Rd2 Nc6 29. Qd5 c3 30. bxc3 Qa4 31. Bc5 Rb8 32. Rxc2 Rd8 33. Qe6 Qb5 34. Bd6 a4
35. Re1 Na5 36. Bb4 Nc4 37. h6 Qg5+ 38. Kb1 Nd2+ 39. Ka2 Nf3 40. Rd1 gxh6 41.
Rxd8+ Qxd8 42. Re2 Kg7 43. Kb2 Qf6 44. Qd5 h5 45. Qxh5 h6 46. Qg4+ Qg6 47. Qxg6+
Kxg6 48. Re7 Rxe7 49. Bxe7 Kf7 50. Bd8 Ne5 51. c4 Nxc4+ 52. Kc3 Nxa3 53. Kb4
Nc2+ 54. Kxa4 Ne1 55. Kb3 Nd3 56. Kc3 Nxf2 57. Kd2 Ng4 58. Ke2 Kg6 59. Kf3 Kf5
60. Kg3 h5 61. Be7 Ne5 1/2-1/2

[Event "8th Sunway Sitges 2021"]
[Site "Sitges ESP"]
[Date "2021.12.16"]
[Round "4.32"]
[White "Taher, Yoseph Theolifus"]
[Black "Ortega Serra, Marc"]
[Result "1-0"]
[WhiteTitle "IM"]
[WhiteElo "2455"]
[BlackElo "2292"]
[WhiteFideId "7105347"]
[BlackFideId "2293137"]
[EventDate "2021.12.13"]

1. e4 e6 2. d4 d5 3. e5 c5 4. c3 Nc6 5. Nf3 Qb6 6. a3 c4 7. Nbd2 Na5 8. Rb1 Bd7
9. g3 Ne7 10. Bg2 Nc8 11. O-O Qc7 12. Re1 Nb6 13. Nf1 h6 14. Qe2 O-O-O 15. Be3
Kb8 16. N3d2 Rc8 17. f4 g6 18. Bf2 Be7 19. Ne3 Rcg8 20. Rf1 Qc8 21. Be1 Qd8 22.
Nf3 Na4 23. Ng4 h5 24. Nf6 Bxf6 25. exf6 Qxf6 26. Qe5+ Qxe5 27. fxe5 g5 28. Bd2
h4 29. Bxg5 hxg3 30. h4 Nb6 31. Nd2 Ba4 32. Rxf7 Bc2 33. Rc1 Bf5 34. Nf1 Nb3 35.
Re1 Na4 36. Rxf5 exf5 37. Bxd5 Rc8 38. Re2 Nb6 39. Bf3 f4 40. e6 Rce8 41. Bxf4+
Ka8 42. Bg4 Nc8 43. Nxg3 Nd6 44. Kg2 Reg8 45. e7 Nf7 46. Bh5 1-0

[Event "8th Sunway Sitges 2021"]
[Site "Sitges ESP"]
[Date "2021.12.16"]
[Round "4.33"]
[White "Van Dael, Siem"]
[Black "Ayats Llobera, Gerard"]
[Result "1/2-1/2"]
[WhiteTitle "FM"]
[BlackTitle "IM"]
[WhiteElo "2300"]
[BlackElo "2448"]
[WhiteFideId "1049771"]
[BlackFideId "32067607"]
[EventDate "2021.12.13"]

1. e4 c5 2. Nf3 d6 3. d4 cxd4 4. Nxd4 Nf6 5. Nc3 a6 6. Be3 e5 7. Nb3 Be6 8. f3
h5 9. Qd2 Nbd7 10. O-O-O Qc7 11. Kb1 Rc8 12. f4 b5 13. Bd3 Be7 14. h3 Nb6 15.
Qf2 Nc4 16. Bc1 b4 17. Nd5 Nxd5 18. exd5 Bxd5 19. Bf5 Be6 20. Bxe6 fxe6 21. fxe5
dxe5 22. g4 Nb6 23. Rhf1 Rf8 24. Qg2 Rxf1 25. Rxf1 hxg4 26. Qxg4 Qxc2+ 27. Ka1
Qc4 28. Qg6+ Kd7 29. Rd1+ Nd5 30. Qxg7 Qe2 31. Qg1 Bh4 32. Rf1 Be7 33. Rf7 Qh5 1/2-1/2

[Event "8th Sunway Sitges 2021"]
[Site "Sitges ESP"]
[Date "2021.12.16"]
[Round "4.34"]
[White "Luque Saiz, Andres"]
[Black "Garcia Ramos, Daniel"]
[Result "1/2-1/2"]
[WhiteTitle "FM"]
[BlackTitle "FM"]
[WhiteElo "2288"]
[BlackElo "2428"]
[WhiteFideId "24510793"]
[BlackFideId "32010311"]
[EventDate "2021.12.13"]

1. e4 c6 2. d4 d5 3. Nd2 dxe4 4. Nxe4 Nf6 5. Nxf6+ exf6 6. c3 Bd6 7. Bd3 O-O 8.
Ne2 Re8 9. O-O Nd7 10. Bf4 Nf8 11. Qd2 Ng6 12. Bxd6 Qxd6 13. Rad1 a5 14. a4 Bd7
15. Ng3 b6 16. Qc2 Rad8 17. c4 Bg4 18. f3 Bc8 19. Be4 Qc7 20. Rf2 Nf8 21. f4 Bg4
22. Rdd2 f5 23. Bxf5 Re1+ 24. Rf1 Rxf1+ 25. Nxf1 Qxf4 26. Bxg4 Qxg4 27. d5 cxd5
28. cxd5 Qf4 29. b3 h6 30. Qc4 Qe5 31. Qd4 Qxd4+ 32. Rxd4 Ne6 33. Rd1 Nc5 34.
Ne3 Kf8 35. Nc4 Nxb3 36. Nxb6 Nc5 37. Rc1 Ne4 38. Rb1 Ke7 39. Rb5 Rb8 40. g3 Nd6
41. Rb2 Rb7 42. Kf2 Kf6 43. Ke3 Ke5 44. Kd3 f5 45. Re2+ Ne4 46. Rb2 Rc7 47. Nc4+
Kxd5 48. Rb5+ Nc5+ 49. Kc3 Ke4 50. Rxa5 f4 51. gxf4 Kxf4 52. Kb4 Nd3+ 53. Kc3
Nb2 54. Kxb2 Rxc4 55. h4 g6 56. Ra6 Kf5 57. h5 gxh5 58. Kb3 Rc8 59. Rxh6 Kg5 60.
Rh7 Kg6 61. Rd7 h4 62. Rd1 Kf5 63. Kb4 h3 64. a5 Kf4 65. Kb5 Rb8+ 66. Kc6 h2 67.
a6 Rg8 68. Rh1 Kg3 69. a7 Kg2 70. Rxh2+ Kxh2 71. Kb7 Kh1 72. a8=Q Rxa8 73. Kxa8 1/2-1/2

[Event "8th Sunway Sitges 2021"]
[Site "Sitges ESP"]
[Date "2021.12.16"]
[Round "4.35"]
[White "Ollenberger, Roland"]
[Black "Boyer, Mahel"]
[Result "0-1"]
[WhiteTitle "FM"]
[BlackTitle "IM"]
[WhiteElo "2255"]
[BlackElo "2427"]
[WhiteFideId "24608440"]
[BlackFideId "45102422"]
[EventDate "2021.12.13"]

1. e4 e6 2. d4 d5 3. exd5 exd5 4. Nf3 h6 5. Bd3 Bd6 6. O-O Ne7 7. Re1 O-O 8. Nc3
c6 9. Ne2 Ng6 10. c3 Qf6 11. Ng3 Bg4 12. Be2 Nf4 13. Bxf4 Bxf4 14. Ne5 Bxe2 15.
Qxe2 g6 16. Qg4 Kh7 17. Nf1 h5 18. Qh3 Rd8 19. g3 Bxe5 20. Rxe5 Nd7 21. Re2 Nb6
22. Rae1 Nc4 23. Kg2 Kg7 24. Re7 Kf8 25. Rxb7 Re8 26. Rxe8+ Rxe8 27. Qh4 Qxh4
28. gxh4 Re2 29. b3 Nd6 30. Rxa7 Nb5 31. Ra6 Nxc3 32. Rxc6 Ne4 33. Ng3 Rxf2+ 34.
Kg1 Rxa2 35. Nxe4 dxe4 36. d5 Ke7 37. Rc4 f5 38. Rc6 Rd2 39. Rxg6 Rxd5 40. Rb6
Rd2 41. h3 f4 42. Kf1 f3 43. Rb4 Re2 44. Rb7+ Ke6 45. Rb8 Rb2 46. Rf8 Ke5 0-1

[Event "8th Sunway Sitges 2021"]
[Site "Sitges ESP"]
[Date "2021.12.16"]
[Round "4.36"]
[White "Stoyanov, Tsvetan"]
[Black "Alexiadis, Hristos"]
[Result "1/2-1/2"]
[WhiteTitle "FM"]
[BlackTitle "FM"]
[WhiteElo "2424"]
[BlackElo "2285"]
[WhiteFideId "2917173"]
[BlackFideId "4249623"]
[EventDate "2021.12.13"]

1. e4 e5 2. Nf3 Nc6 3. d4 exd4 4. Nxd4 Bc5 5. Nxc6 bxc6 6. Bd3 Qh4 7. Qe2 Nf6 8.
Be3 Bxe3 9. Qxe3 O-O 10. Nd2 Re8 11. O-O d5 12. Rae1 dxe4 13. Nxe4 Nxe4 14. f3
Qf6 15. b3 Bd7 16. Bxe4 Bf5 17. Qc5 Bxe4 18. Rxe4 Rxe4 19. fxe4 Qd6 20. Qxd6
cxd6 21. Rf5 a5 22. c4 Ra6 23. Kf2 Kf8 24. e5 g6 25. Rf6 dxe5 26. g4 h6 27. h4
Ke7 28. g5 Rb6 29. Ke3 hxg5 30. hxg5 a4 31. bxa4 Ra6 32. Ke4 Rxa4 33. Rxc6 Rxa2
34. Kxe5 Re2+ 1/2-1/2

[Event "8th Sunway Sitges 2021"]
[Site "Sitges ESP"]
[Date "2021.12.16"]
[Round "4.37"]
[White "Utsab, Chatterjee"]
[Black "Molina, Roberto Junio Brito"]
[Result "1/2-1/2"]
[BlackTitle "IM"]
[WhiteElo "2255"]
[BlackElo "2420"]
[WhiteFideId "46609148"]
[BlackFideId "2109450"]
[EventDate "2021.12.13"]

1. e4 e5 2. Nf3 Nc6 3. Bb5 a6 4. Ba4 Nf6 5. d3 Bc5 6. Nc3 b5 7. Bb3 O-O 8. Nd5
Nxd5 9. Bxd5 Rb8 10. c3 Ne7 11. Bb3 d6 12. h3 Bb6 13. O-O Ng6 14. a4 Qe8 15. Be3
Be6 16. axb5 axb5 17. Ra6 Qc8 18. Ra2 h6 19. Nd2 Qd7 20. Ra6 Bxe3 21. fxe3 Kh7
22. Ra7 Ra8 23. Bxe6 fxe6 24. Rxa8 Rxa8 25. Qh5 Qe7 26. Nf3 Nf8 27. h4 g6 28.
Qg4 Nd7 29. h5 Rg8 30. Nh4 gxh5 31. Qxh5 Rg7 32. Nf3 Nc5 33. Rd1 Qf6 34. Rd2 Qg6
35. Qh3 Qg4 36. Qxg4 Rxg4 37. b4 Na4 38. Rc2 Nb6 39. Ra2 Kg7 40. Ra5 Na4 41. c4
Nb2 42. Rxb5 Nxd3 43. Rb7 Kg6 44. Kf1 Kf6 45. Nd2 h5 46. Ke2 Nb2 47. Kf1 Nd1 48.
Ke2 Nc3+ 49. Kd3 Na4 50. Ra7 Nb6 51. c5 dxc5 52. bxc5 Nc8 53. Ra8 Ne7 54. Rf8+
Kg6 55. Nf3 Kh7 56. Re8 Ng8 57. Rxe6 Rxg2 58. Rxe5 Kh6 59. Re6+ Kh7 60. Rc6 Rg7
61. Nh4 Rd7+ 62. Kc4 Ne7 63. Re6 c6 64. Re5 Kg7 65. Rxh5 Rd1 66. Nf5+ Kg6 67.
Nxe7+ Kxh5 68. Nxc6 Kg6 69. Nd4 Kf7 70. Kd5 Rd3 71. c6 Ke8 72. Kd6 Kd8 73. e5
Rxe3 74. e6 Re1 75. Nb5 Rd1+ 76. Kc5 Rc1+ 77. Kd6 Rd1+ 78. Kc5 Rc1+ 79. Kd5 Ke7
80. Nd4 Rc3 81. Nf5+ Kf6 82. Nd4 Ke7 83. Nf5+ Kf6 84. e7 Kf7 85. Kd6 Rd3+ 86.
Ke5 Rc3 87. Kd5 Rc1 88. Kd6 Rd1+ 89. Kc5 Rc1+ 90. Kb6 Ke8 91. Kb7 Rc5 92. Kb6
Rc1 93. Kb5 Rf1 94. c7 Rc1 95. Kb6 Kd7 1/2-1/2

[Event "8th Sunway Sitges 2021"]
[Site "Sitges ESP"]
[Date "2021.12.16"]
[Round "4.38"]
[White "Pantzar, Milton"]
[Black "Citra, Dewi Ardhiani Anastasia"]
[Result "1/2-1/2"]
[WhiteTitle "IM"]
[BlackTitle "WIM"]
[WhiteElo "2420"]
[BlackElo "2238"]
[WhiteFideId "1721003"]
[BlackFideId "7101244"]
[EventDate "2021.12.13"]

1. d4 Nf6 2. c4 d6 3. Nc3 Nbd7 4. e4 e5 5. Nf3 g6 6. Be2 Bg7 7. O-O O-O 8. Qc2
Qe7 9. Re1 c6 10. Be3 Ne8 11. Bd3 Nc7 12. d5 h6 13. Qd2 Kh7 14. Bc2 c5 15. Kh1
Ne8 16. g4 Nb6 17. b3 Bxg4 18. Ng1 Nf6 19. f3 Bd7 20. a4 a5 21. Nge2 Nh5 22. Nb5
Bh3 23. Ng1 Bc8 24. Ra2 Nd7 25. Nc3 Ra7 26. Nb5 Ra8 27. Nc7 Ra7 28. Nb5 Ra8 29.
Nc7 Ra7 30. Nb5 Ra8 31. Nc7 1/2-1/2

[Event "8th Sunway Sitges 2021"]
[Site "Sitges ESP"]
[Date "2021.12.16"]
[Round "4.39"]
[White "Sihite, Chelsie Monica Ignesias"]
[Black "Cuhendi, Sean Winshand"]
[Result "1/2-1/2"]
[WhiteTitle "WIM"]
[BlackTitle "IM"]
[WhiteElo "2252"]
[BlackElo "2419"]
[WhiteFideId "7101198"]
[BlackFideId "7101554"]
[EventDate "2021.12.13"]

1. e4 e5 2. Nf3 Nc6 3. Bc4 Be7 4. d4 exd4 5. c3 Nf6 6. e5 Ng4 7. cxd4 d5 8. Bb5
Bd7 9. Nc3 a6 10. Bxc6 bxc6 11. h3 Nh6 12. Bxh6 gxh6 13. Qd2 Rg8 14. Qxh6 Rxg2
15. Ke2 Qb8 16. b3 Qb4 17. Rag1 Rg6 18. Qe3 O-O-O 19. Qd3 Qa5 20. a4 Be6 21. Rc1
Kd7 22. Rcg1 Kc8 23. Rc1 Kd7 24. Rcg1 Kc8 25. Rc1 Kd7 26. Rcg1 Kc8 27. Rc1 1/2-1/2

[Event "8th Sunway Sitges 2021"]
[Site "Sitges ESP"]
[Date "2021.12.16"]
[Round "4.40"]
[White "Pranav, Anand"]
[Black "Fernandez, Maria Florencia"]
[Result "1-0"]
[WhiteTitle "IM"]
[BlackTitle "WIM"]
[WhiteElo "2416"]
[BlackElo "2229"]
[WhiteFideId "46626786"]
[BlackFideId "116459"]
[EventDate "2021.12.13"]

1. d4 Nf6 2. c4 e6 3. g3 Bb4+ 4. Bd2 Bxd2+ 5. Qxd2 d5 6. Bg2 O-O 7. Nf3 b6 8.
O-O Bb7 9. cxd5 exd5 10. Nc3 Nc6 11. Rfd1 Re8 12. Qc2 Ne4 13. e3 Nxc3 14. Qxc3
Qd6 15. Rac1 Re7 16. Ne1 Nd8 17. Nd3 a5 18. h4 Nc6 19. Nf4 Nb4 20. Qb3 a4 21.
Qa3 Rd7 22. Bh3 Rdd8 23. Nd3 Nxd3 24. Rxd3 Qxa3 25. Rxa3 c6 26. h5 h6 27. Bf5
Kf8 28. Bc2 b5 29. Rc3 Ke7 30. Rc5 Rd6 31. Bd3 Rad8 32. Kg2 Kf6 33. g4 Ke7 34.
Kg3 Rf6 35. Ra1 Rfd6 36. Be2 Ra8 37. Rac1 Ra6 38. Kh4 Rb6 39. Bd3 Kd8 40. Rg1 f6
41. Kg3 Bc8 42. Kf4 Ke7 43. b3 axb3 44. axb3 Be6 45. Ra1 Rd7 46. b4 Rd8 47. Bf5
Rd7 48. Rc3 Bxf5 49. Kxf5 Kd6 50. Ra8 Rbb7 51. Ra6 Rdc7 52. Rca3 Re7 53. Ra8
Rbc7 54. Rg8 Red7 55. Raa8 Rb7 56. Kg6 Re7 57. Rad8+ Kc7 58. Rde8 Rxe8 59. Rxe8
Kd6 60. Rg8 Ra7 61. Rxg7 Ra4 62. Kxh6 Rxb4 63. Kg6 1-0

[Event "8th Sunway Sitges 2021"]
[Site "Sitges ESP"]
[Date "2021.12.16"]
[Round "4.41"]
[White "Benmesbah, Natacha"]
[Black "Gines Esteo, Pedro Antonio"]
[Result "1/2-1/2"]
[WhiteTitle "WIM"]
[BlackTitle "IM"]
[WhiteElo "2221"]
[BlackElo "2413"]
[WhiteFideId "642002"]
[BlackFideId "32080190"]
[EventDate "2021.12.13"]

1. e4 c6 2. Nc3 d5 3. Nf3 dxe4 4. Nxe4 Nf6 5. Qe2 Nxe4 6. Qxe4 Qa5 7. Bc4 Bf5 8.
Qf4 e6 9. O-O Nd7 10. Nd4 Qe5 11. Qxe5 Nxe5 12. Nxf5 Nxc4 13. b3 Nb6 14. Ne3 Bc5
15. Bb2 O-O 16. a4 Rfd8 17. a5 Nd5 18. Nc4 a6 19. Rfe1 Rd7 20. Ne5 Rc7 21. c4
Ne7 22. d4 Ba7 23. Rad1 Rd8 24. Rd2 h5 25. Red1 f6 26. Nd3 Ng6 27. Nc5 Kf7 28.
Ba3 Bxc5 29. Bxc5 Rcd7 30. Bb6 Rc8 31. f3 Ne7 32. Kf2 Nf5 33. g3 g5 34. Bc5 g4
35. fxg4 hxg4 36. Re1 Rh8 37. Kg2 e5 38. Re4 exd4 39. Kg1 Rg8 40. Rf4 Rg5 41.
Bxd4 Nxd4 42. Rdxd4 Rxd4 43. Rxd4 Rxa5 44. Rd7+ Ke6 45. Rxb7 Ke5 46. Re7+ Kd4
47. Re6 Rc5 48. h4 Kc3 49. Re3+ Kd2 50. Re6 Kc3 51. Re3+ Kb4 52. Kf2 a5 53. Ke2
Rf5 54. Kd3 c5 55. Ke2 Ka3 56. Rd3 Re5+ 57. Kd2 Ka2 58. Kd1 Ka3 59. Kc2 Kb4 60.
Rd8 Re2+ 61. Kd3 Rg2 62. Rb8+ Ka3 63. Rb5 Rxg3+ 64. Kc2 a4 65. bxa4 Rh3 66. Rxc5
g3 67. Rc8 f5 68. Kd2 f4 69. Ke2 Rh2+ 70. Kf3 Rf2+ 71. Ke4 g2 72. Rg8 f3 73. a5
Rf1 74. a6 g1=Q 75. Rxg1 Rxg1 76. Kxf3 Kb4 77. h5 Rg7 78. Kf4 Kxc4 79. h6 Ra7
80. Kg5 Kd5 81. Kf6 Rxa6+ 82. Kg7 Ra7+ 83. Kg8 Ke6 84. h7 Rxh7 85. Kxh7 1/2-1/2

[Event "8th Sunway Sitges 2021"]
[Site "Sitges ESP"]
[Date "2021.12.16"]
[Round "4.42"]
[White "Cori T., Deysi"]
[Black "Sieber, Fiona"]
[Result "0-1"]
[WhiteTitle "WGM"]
[BlackTitle "WIM"]
[WhiteElo "2413"]
[BlackElo "2225"]
[WhiteFideId "3801934"]
[BlackFideId "12902373"]
[EventDate "2021.12.13"]

1. d4 Nf6 2. c4 e6 3. Nc3 Bb4 4. e3 O-O 5. Bd3 d5 6. a3 Bxc3+ 7. bxc3 dxc4 8.
Bxc4 c5 9. Ne2 Qc7 10. Ba2 b6 11. O-O Ba6 12. Bb2 Nc6 13. Qc2 Na5 14. dxc5 Qxc5
15. c4 Bxc4 16. Bd4 Qe7 17. Bc3 Bxa2 18. Qxa2 Nc6 19. Qb2 Rfd8 20. Rac1 Rac8 21.
Rc2 Ne4 22. Bxg7 e5 23. f3 Nc5 24. Ng3 Qg5 25. Rc4 Qxe3+ 26. Kh1 Nd4 27. Bf6 Nd3
28. Qa2 b5 29. Rxc8 Rxc8 30. h4 Nf4 31. Qb1 Rc2 32. Bg5 Qd2 33. Rg1 Nxf3 34. Ne4
Qe2 35. Nf6+ Kg7 36. Ne8+ Kg6 37. Qb4 Qxg2+ 0-1

[Event "8th Sunway Sitges 2021"]
[Site "Sitges ESP"]
[Date "2021.12.16"]
[Round "4.43"]
[White "Tanmay, Chopra"]
[Black "Fernandez Guillen, Ernesto J."]
[Result "1/2-1/2"]
[BlackTitle "IM"]
[WhiteElo "2221"]
[BlackElo "2411"]
[WhiteFideId "25630946"]
[BlackFideId "3512428"]
[EventDate "2021.12.13"]

1. d4 Nf6 2. c4 g6 3. Nc3 d5 4. cxd5 Nxd5 5. e4 Nxc3 6. bxc3 Bg7 7. Nf3 c5 8.
Rb1 O-O 9. Be2 Nc6 10. d5 Bxc3+ 11. Bd2 Bxd2+ 12. Qxd2 Nd4 13. Nxd4 cxd4 14.
Qxd4 e6 15. d6 Qa5+ 16. Qd2 Qxd2+ 17. Kxd2 e5 18. Ke3 Rd8 19. Rhd1 b6 20. Rb5 f6
21. Rb2 Be6 22. Ba6 Rd7 23. Rc2 Bf7 24. Bc8 Rd8 25. Bh3 b5 26. Rc5 Rab8 27. d7
Kf8 28. Rd6 Ke7 29. Ra6 Rb7 30. Rc8 Rb6 31. Rxb6 axb6 32. a3 Bb3 33. Kd2 b4 34.
axb4 Ba4 35. Rc7 Bxd7 36. Ke3 Kd6 37. Ra7 Bxh3 38. gxh3 Rd7 39. Rxd7+ Kxd7 40.
Kd3 Kc6 41. Kc4 f5 42. f3 fxe4 43. fxe4 g5 44. b5+ Kd6 45. Kb4 Ke7 46. Kc3 Kf6
47. Kc4 Ke6 48. Kd3 h5 49. Kc3 g4 50. h4 Kd6 51. Kc4 Ke6 1/2-1/2